La province de l'Orléanais de A à Z - Statistiques

Statistiques générales
  • Ce quiz a été pris 5 fois
  • Le résultat moyen est 12 sur 26
Statistiques - réponses
Lettre Question Réponse % Correct
B Plaine agricole de l'Orléanais Beauce
100%
J Elle libère Orléans le 8 mai 1429 (prénom et nom) Jeanne d'Arc
100%
L Principaux départements de l'ancien Orléanais Loiret | Loir-et-Cher
100%
O Le climat de l'Orléanais est dit Océanique
100%
S La plus grande part de cette région forestière est dans l'Orléanais Sologne
100%
C L'Orléanais ressemblait en grande partie à la région Centre-Val-de-Loire
80%
D Le comte d'Orléanais en devient un en 1344 duché
80%
R Commune abritant un célèbre château, aujourd'hui située en Ile-de-France mais ayant appartenu à l'Orléanais Rambouillet
80%
E Commune aujourd'hui située en Ile-de-France mais ayant appartenu à l'Orléanais Etampes
60%
G Ancien comté intégré à l'Orléanais Gâtinais
60%
Z Avocat et homme politique orléanais assassiné par la milice en 1944 (prénom et nom) Jean Zay
60%
M Roi franc qui contribue à battre Attila près d'Orléans Mérovée
60%
U Elle est fondée à Orléans en 1306 Université
60%
H Dernier comte de l'Orléanais devenu roi de France Hugues Capet
40%
V Ancien comté intégré à l'Orléanais Vendômois
40%
F Elle est élue Miss Orléanais en 2013 puis Miss France en 2014 (prénom et nom) Flora Coquerel
20%
P Région partagée entre l'Orléanais et le Nivernais Puisaye
20%
Q On peut s'y promener sur l'Ile-d'Orléans Québec
20%
W Ville des Etats-Unis (Kansas) jumelée avec Orléans Wichita
20%
Y Ville chinoise sur le Yangzi Jiang jumelée avec Orléans Yangzhou
20%
A Premier comte de l'Orléanais connu mort en 818 Adrien
0%
I Missionnaire martyrisé en 1646 Isaac Jogues
0%
K Il étudie avec Jean Royer la reconstruction d'Orléans dès 1943 (prénom et nom) Jean Kerisel
0%
N Corporation très puissante dans l'Orléanais pendant l'antiquité nautes
0%
T Roi wisigoth qui contribue à battre Attila près d'Orléans Théodoric
0%
X Compagnon de la Libération natif de l'Indre Xavier de Scitivaux
0%
Aucun quiz correspondant
Distribution des résultats
% des personnes avec chaque résultat
Percentile par nombre de réponses
Votre historique - résultats
Vous n’avez pas pris ce quiz